Widok standardowy
Widok MARC
Pozycja Corporate Name
Liczba rekordów, w których użyto hasła: 1
001 - Numer kontrolny
- control field: 40880
003 - Identyfikator numeru kontrolnego
- control field: NUKAT
005 - Data i czas ostatniej modyfikacji
- control field: 20260429125940.0
008 - Dane kontrolne kodowane (40 znaków)
- fixed length control field: 090204n||azznnbabn |a ana |
010 ## - Numer kontrolny Biblioteki Kongresu
- numer kontrolny LC: p 2009005833
024 7# - OTHER STANDARD IDENTIFIER
- Standard number or code: 2977164120343010470005
- Source of number or code: viaf
035 ## - Numer systemowy
- numer systemowy: a22607316
035 ## - Numer systemowy
- numer systemowy: (PL)a0000002260731
040 ## - Instytucja sporządzająca rekord
- inst. przygot. dane do rek. khw: WA N
- język haseł przedmiotowych/tezaurus: DBN
- inst. wprow. rek. khw: WA N
110 2# - Hasło - nazwa ciała zbiorowego
- nazwa ciała zbior. lub geogr. na pocz.: Armia Ochotnicza (1920)
410 2# - Trop zob. - nazwa ciała zbiorowego
- nazwa ciała zbior. lub geogr. na pocz.: Armia Ochotnicza II RP
410 2# - Trop zob. - nazwa ciała zbiorowego
- nazwa ciała zbior. lub geogr. na pocz.: A.O. II RP
510 2# - Trop zob. też - nazwa ciała zbiorowego
- podpole kontrolne: h
- nazwa ciała zbior. lub geogr. na pocz.: 201 Ochotniczy Pułk Piechoty (Armia Ochotnicza ; 1920)
510 2# - Trop zob. też - nazwa ciała zbiorowego
- podpole kontrolne: h
- nazwa ciała zbior. lub geogr. na pocz.: 206 Ochotniczy Pułk Piechoty (Armia Ochotnicza ; 1920)
670 ## - Źródło informacji
- źródło informacji: [Inc.: Gdy okręt tonie a wiatry go przewracają, głupi tłumoczki i skrzynki swoje opatruje i na nich leży, a do obrony okrętu nie idzie...] / Skarga : A.O. - [S.l., 1919]